समकालीन हिन्दी नाटक एवं नाटककार / (Record no. 112315)

MARC details
000 -LEADER
fixed length control field 01188nam a22002657a 4500
005 - DATE AND TIME OF LATEST TRANSACTION
control field 20170124102937.0
010 ## - LIBRARY OF CONGRESS CONTROL NUMBER
LC control number B-119971
020 ## - INTERNATIONAL STANDARD BOOK NUMBER
Terms of availability 350.00
International Standard Book Number 8188571067
035 ## - SYSTEM CONTROL NUMBER
System control number B-119971
037 ## - SOURCE OF ACQUISITION
Source of stock number/acquisition Cen Lib/Ret
040 ## - CATALOGING SOURCE
Original cataloging agency DPL
Language of cataloging HN
082 ## - DEWEY DECIMAL CLASSIFICATION NUMBER
Classification number 822.08
Item number वर्मादि
100 ## - MAIN ENTRY--PERSONAL NAME
Personal name दिनेश चन्द्र वर्मा
9 (RLIN) 6739
245 ## - TITLE STATEMENT
Title समकालीन हिन्दी नाटक एवं नाटककार /
Statement of responsibility, etc दिनेश चन्द्र वर्मा
246 ## - VARYING FORM OF TITLE
Title proper/short title Samkaleen hindi natak ewam natakkar /
Remainder of title by Dinesh Chandra Verma
260 ## - PUBLICATION, DISTRIBUTION, ETC. (IMPRINT)
Place of publication, distribution, etc कानपुर
Name of publisher, distributor, etc चिन्तन प्रकाशन
Date of publication, distribution, etc 2003
270 ## - ADDRESS
Address 3A/119 आवास विकास, हंस्पुरम
City कानपुर
Postal code 208 021
300 ## - PHYSICAL DESCRIPTION
Extent 272पृ.
Dimensions 20सेमी (सजिल्द)
500 ## - GENERAL NOTE
General note अनुक्रमाणिका शामिल
650 ## - SUBJECT ADDED ENTRY--TOPICAL TERM
Topical term or geographic name as entry element हिन्दी -- साहित्य
9 (RLIN) 47137
650 ## - SUBJECT ADDED ENTRY--TOPICAL TERM
Topical term or geographic name as entry element हिन्दी -- नाटक
9 (RLIN) 1413
650 ## - SUBJECT ADDED ENTRY--TOPICAL TERM
Topical term or geographic name as entry element Hindi - literature
9 (RLIN) 47138
650 ## - SUBJECT ADDED ENTRY--TOPICAL TERM
Topical term or geographic name as entry element Hindi - Play
9 (RLIN) 47139
942 ## - ADDED ENTRY ELEMENTS (KOHA)
Source of classification or shelving scheme Dewey Decimal Classification
Koha item type Hindi Books
Classification part 822.08
Call number suffix वर्मादि
Holdings
Withdrawn status Lost status Damaged status Not for loan Home library Current library Date acquired Source of acquisition Cost, normal purchase price Total Checkouts Total Renewals Full call number Barcode Date last seen Date checked out Copy number Cost, replacement price Price effective from Koha item type
        Central Library Central Library 07/08/2015 Cen Lib/Ret 350.00 7 2 822.08 वर्मादि B-119971 06/10/2025 26/09/2025 1 350.00 07/08/2015 Hindi Books

© Delhi Public Library
Hit Counter
free hit counter